Energetika - to je První brněnská strojírna. Letité tradice - mladé ambice.
História Prvej brnianskej strojárne. Nadväzovanie kontaktov so zahraničím. Orientácia na ekológiu. Problematika tvorby koncepcií.
Guardado en:
| Autor principal: | |
|---|---|
| Formato: | Capítulo de libro |
| Lenguaje: | checo |
| Materias: | |
| Etiquetas: |
Sin Etiquetas, Sea el primero en etiquetar este registro!
|
MARC
| LEADER | 00000naa a2200000 4500 | ||
|---|---|---|---|
| 001 | r003677 | ||
| 005 | 20221125081139.3 | ||
| 041 | 0 | |a cze | |
| 044 | |a [CS] | ||
| 245 | 1 | 0 | |a Energetika - to je První brněnská strojírna. |b Letité tradice - mladé ambice. |c J. Sobotka |
| 520 | |a História Prvej brnianskej strojárne. Nadväzovanie kontaktov so zahraničím. Orientácia na ekológiu. Problematika tvorby koncepcií. | ||
| 610 | 2 | 0 | |a priemysel strojársky |
| 610 | 2 | 0 | |a podnik strojársky |
| 610 | 2 | 0 | |a ekológia |
| 610 | 2 | 0 | |a energetika |
| 610 | 2 | 0 | |a Brno |
| 100 | 1 | |a Sobotka, J. | |